<?xml version="1.0" encoding="UTF-8"?>
<record
    xmlns:xsi="http://www.w3.org/2001/XMLSchema-instance"
    xsi:schemaLocation="http://www.loc.gov/MARC21/slim http://www.loc.gov/standards/marcxml/schema/MARC21slim.xsd"
    xmlns="http://www.loc.gov/MARC21/slim">

  <leader>01735nam a2200253 a 4500</leader>
  <controlfield tag="005">20140310183358.0</controlfield>
  <controlfield tag="008">121115s19uu    xx            00    eng d</controlfield>
  <datafield tag="020" ind1=" " ind2=" ">
    <subfield code="a">9781119963233</subfield>
  </datafield>
  <datafield tag="050" ind1=" " ind2=" ">
    <subfield code="a">HD 30.2</subfield>
    <subfield code="b">.H645 2012</subfield>
  </datafield>
  <datafield tag="100" ind1=" " ind2=" ">
    <subfield code="a">Holloman, Chister</subfield>
  </datafield>
  <datafield tag="245" ind1=" " ind2=" ">
    <subfield code="a">The social media MBA :</subfield>
    <subfield code="b">your competitive edge in social media strategy development &amp; delivery /</subfield>
    <subfield code="c">Christer Holloman ; co-authors, Eb Adeyeri ... [et al.].</subfield>
  </datafield>
  <datafield tag="260" ind1=" " ind2=" ">
    <subfield code="a">Chichester, West Sussex, U.K. ; Hoboken, N.J :</subfield>
    <subfield code="b">Wiley,</subfield>
    <subfield code="c">2012.</subfield>
  </datafield>
  <datafield tag="300" ind1=" " ind2=" ">
    <subfield code="a">x, 265 p. :</subfield>
    <subfield code="b">ill. ;</subfield>
    <subfield code="c">24 cm.</subfield>
  </datafield>
  <datafield tag="500" ind1=" " ind2=" ">
    <subfield code="a">Includes index</subfield>
  </datafield>
  <datafield tag="520" ind1=" " ind2=" ">
    <subfield code="a">It's a fact that companies so far have only scratched the surface of what can be achieved with social media. Whatever continent, industry, company size, current degree of social media adoption or your job title, the purpose of this book is to inspire you to see how you can raise the bar further to reap new rewards. It will give you the tools to make a difference to your organisation's social media strategy development and delivery going forward. In addition it will also give you more intellectual support and confidence to discuss social media on a higher level with peers, inspire colleagues or negotiate and create support for increased investments from your leadership team. In The Social Media MBA editor Christer Holloman has crowd sourced 15 thought leaders from 4 continents to offer an exceptional educational programme written for experienced social media professionals just like you.</subfield>
  </datafield>
  <datafield tag="521" ind1=" " ind2=" ">
    <subfield code="a">BSBA</subfield>
  </datafield>
  <datafield tag="650" ind1=" " ind2=" ">
    <subfield code="a">Information technology</subfield>
    <subfield code="x">Management</subfield>
  </datafield>
  <datafield tag="650" ind1=" " ind2=" ">
    <subfield code="a">Social media</subfield>
  </datafield>
  <datafield tag="650" ind1=" " ind2=" ">
    <subfield code="a">Customer relations</subfield>
  </datafield>
  <datafield tag="650" ind1=" " ind2=" ">
    <subfield code="a">Internet marketing</subfield>
  </datafield>
  <datafield tag="650" ind1=" " ind2=" ">
    <subfield code="a">Branding (Marketing)</subfield>
  </datafield>
  <datafield tag="942" ind1=" " ind2=" ">
    <subfield code="c">BK</subfield>
    <subfield code="2">lcc</subfield>
    <subfield code="k">FOR</subfield>
  </datafield>
  <datafield tag="999" ind1=" " ind2=" ">
    <subfield code="c">22284</subfield>
    <subfield code="d">22284</subfield>
  </datafield>
  <datafield tag="952" ind1=" " ind2=" ">
    <subfield code="0">0</subfield>
    <subfield code="1">0</subfield>
    <subfield code="2">lcc</subfield>
    <subfield code="4">0</subfield>
    <subfield code="a">CL</subfield>
    <subfield code="b">CL</subfield>
    <subfield code="c">GSL</subfield>
    <subfield code="d">2014-01-20</subfield>
    <subfield code="e">DONATION</subfield>
    <subfield code="l">1</subfield>
    <subfield code="o">HD 30.2 .H645 2012</subfield>
    <subfield code="p">C16193</subfield>
    <subfield code="r">2017-09-11 00:00:00</subfield>
    <subfield code="s">2017-09-04</subfield>
    <subfield code="t">1</subfield>
    <subfield code="w">2014-01-20</subfield>
    <subfield code="y">BK</subfield>
  </datafield>
</record>
